000 00313nam a2200121Ia 4500
008 190216s9999||||xx |||||||||||||| ||und||
100 _aJerry March
245 0 _aAdvanced Organic Chemistry Reactions Mechanisms And Structure
260 _bMcgraw -hill
_c1977
300 _a1328
650 _aChemistry
942 _cBK
999 _c2461
_d2461